书目信息 |
| 题名: |
混凝土工手册
|
|
| 作者: | 李立权 编 | |
| 分册: | ||
| 出版信息: | 北京 中国建筑工业出版社 2005 |
|
| 页数: | 18,774册 | |
| 开本: | 19cm | |
| 丛书名: | 建筑工人技术系列手册 | |
| 单 册: | ||
| 中图分类: | TU755-62 | |
| 科图分类: | ||
| 主题词: | 混凝土施工--手册 | |
| 电子资源: | ||
| ISBN: | 7-112-07737-0 | |
| 000 | 00866oam2-2200253 450 | |
| 001 | 0100004096 | |
| 005 | 20191108163326.45 | |
| 010 | @a7-112-07737-0@dCNY42.00 | |
| 100 | @a20050119d2005 em y0chiy50 ea | |
| 101 | 0 | @achi |
| 102 | @aCN@b110000 | |
| 105 | @ay z 000yy | |
| 200 | 1 | @a混凝土工手册@f李立权编@Ahun ning tu gong shou ce |
| 205 | @a3版 | |
| 210 | @a北京@c中国建筑工业出版社@d2005 | |
| 215 | @a18,774册@d19cm | |
| 225 | 2 | @a建筑工人技术系列手册 |
| 330 | @a本书以《建设行业职业技能标准》——混凝土工的应知应会为依据,以国家最新颁布的标准、规范及混凝土新工艺新技术为重点,介绍了现场和预制构件场混凝土工必须掌握的基本知识和操作技能。 | |
| 410 | 0 | @12001 @a建筑工人技术系列手册 |
| 606 | 0 | @a混凝土施工@j手册 |
| 690 | @aTU755-62@v4 | |
| 701 | 0 | @a李立权@4编@Ali li quan |
| 801 | 0 | @aCN@c20160515 |
| 905 | @a河南城建学院图书馆@dTU755-62@eL205=3 | |
| 混凝土工手册/李立权编.-3版.-北京:中国建筑工业出版社,2005 |
| 18,774册;19cm.-(建筑工人技术系列手册) |
| ISBN 7-112-07737-0:CNY42.00 |
| 本书以《建设行业职业技能标准》——混凝土工的应知应会为依据,以国家最新颁布的标准、规范及混凝土新工艺新技术为重点,介绍了现场和预制构件场混凝土工必须掌握的基本知识和操作技能。 |
| ● |
| 相关链接 |
|
|
|
正题名:混凝土工手册
索取号:TU755-62/L205=3
 
预约/预借
| 序号 | 登录号 | 条形码 | 馆藏地/架位号 | 状态 | 备注 |
| 1 | 1283224 | 212832247 | 建筑库201/201建筑库 42排4列1层/ [索取号:TU755-62/L205=3] | 在馆 | |
| 2 | 1283225 | 212832256 | 建筑库201/201建筑库 42排4列1层/ [索取号:TU755-62/L205=3] | 在馆 | |
| 3 | 1283226 | 212832265 | 建筑库201/201建筑库 42排4列1层/ [索取号:TU755-62/L205=3] | 在馆 | |
| 4 | 1308026 | 213080262 | 建筑库201/201建筑库 42排4列1层/ [索取号:TU755-62/L205=3] | 在馆 | |
| 5 | 1308027 | 213080271 | 建筑库201/201建筑库 42排4列1层/ [索取号:TU755-62/L205=3] | 在馆 | |
| 6 | 1308028 | 213080280 | 建筑库201/201建筑库 42排4列1层/ [索取号:TU755-62/L205=3] | 在馆 |